000
00256nam a2200109Ia 4500
008
190216s9999||||xx |||||||||||||| ||und||
100
_a
Dhingra. I.C
245
0
_a
Question Bank In Economics
260
_b
S Chand & Co
650
_a
References
942
_c
REF
999
_c
35504
_d
35504